[Event "Barcelona Vila de Grаcia op 16th"]
[Site "Barcelona"]
[Date "2022.11.11"]
[Round "7"]
[White "Campos Chacon, Marco"]
[Black "Campins Machado, Francesc"]
[Result "1-0"]
[WhiteElo "1990"]
[BlackElo "2175"]
[PlyCount "89"]
[EventDate "2022.09.30"]
[EventType "swiss"]
[EventRounds "9"]
[EventCountry "ESP"]
[SourceTitle "EXT 2024"]
[Source "ChessBase"]
[SourceDate "2023.10.10"]
[SourceVersion "1"]
[SourceVersionDate "2023.10.10"]
[SourceQuality "1"]

1. e4 c5 2. d4 cxd4 3. c3 d5 4. exd5 Qxd5 5. cxd4 Nc6 6. Nf3 e5 7. Nc3 Bb4 8. Bd2 Bxc3 9. Bxc3 e4 10. Ne5 Nxe5 11. dxe5 Ne7 12. Qe2 Nc6 13. Rd1 Qxa2 14. Qxe4 Be6 15. Bb5 0-0 16. 0-0 Rfc8 17. f4 g6 18. f5 Bxf5 19. Rxf5 gxf5 20. Qh4 Qe6 21. Bc4 Qe7 22. Qg3+ Kf8 23. e6 fxe6 24. Bxe6 Qxe6 25. Qg7+ Ke8 26. Qh8+ Ke7 27. Qxh7+ Ke8 28. Re1 Qxe1+ 29. Bxe1 b6 30. Bh4 a5 31. Qg6+ Kd7 32. Qf7+ Kd6 33. Bg3+ Kc5 34. Qxf5+ Kc4 35. Qc2+ Kb5 36. Qd3+ Ka4 37. h4 Nb4 38. Qa3+ Kb5 39. h5 Rc1+ 40. Kh2 Rh8 41. Qf3 Rc5 42. Qe2+ Ka4 43. Be5 Re8 44. Qd1+ Rc2 45. Qd7+ 1-0

[Event "London Classic op"]
[Site "London"]
[Date "2017.12.06"]
[Round "6"]
[White "Selkirk, Rebecca"]
[Black "Campos Chacon, Marco"]
[Result "1/2-1/2"]
[WhiteElo "1747"]
[BlackElo "2040"]
[PlyCount "46"]
[EventDate "2017.12.02"]
[EventType "swiss"]
[EventRounds "9"]
[EventCountry "ENG"]
[SourceTitle "CBM 182 Extra"]
[Source "ChessBase"]
[SourceDate "2018.02.23"]
[SourceVersion "1"]
[SourceVersionDate "2018.02.23"]
[SourceQuality "1"]

1. e4 d5 2. exd5 Nf6 3. Nf3 Bg4 4. Be2 Qxd5 5. Nc3 Qh5 6. d3 Nc6 7. h3 e6 8. 0-0 Bd6 9. Ng5 Bxe2 10. Qxe2 Qxe2 11. Nxe2 Nb4 12. Bd2 h6 13. Ne4 Nxe4 14. dxe4 Rd8 15. Rfd1 Nxc2 16. Rac1 Nb4 17. e5 Bxe5 18. Bxb4 Bxb2 19. Rb1 Rxd1+ 20. Rxd1 b6 21. Nd4 Bxd4 22. Rxd4 c5 23. Rc4 Kd7 1/2-1/2

[Event "London Classic op"]
[Site "London"]
[Date "2017.12.03"]
[Round "2"]
[White "Tivillier, Jacques"]
[Black "Campos Chacon, Marco"]
[Result "1/2-1/2"]
[WhiteElo "1751"]
[BlackElo "2040"]
[PlyCount "66"]
[EventDate "2017.12.02"]
[EventType "swiss"]
[EventRounds "9"]
[EventCountry "ENG"]
[SourceTitle "CBM 182 Extra"]
[Source "ChessBase"]
[SourceDate "2018.02.23"]
[SourceVersion "1"]
[SourceVersionDate "2018.02.23"]
[SourceQuality "1"]

1. e4 e5 2. Nf3 Nc6 3. Bc4 Nf6 4. d3 Bc5 5. c3 d6 6. a4 a6 7. h3 h6 8. Nbd2 Ba7 9. Nf1 0-0 10. Ng3 Ne7 11. 0-0 Ng6 12. Re1 Bd7 13. d4 b5 14. axb5 axb5 15. Bf1 c5 16. Be3 Qc7 17. Qd2 Kh7 18. Ra3 Bb6 19. Rea1 Rxa3 20. Rxa3 Qb7 21. d5 Ra8 22. Rxa8 Qxa8 23. b4 Qa7 24. Qb2 c4 25. Bxb6 Qxb6 26. Qd2 Qa7 27. Nh2 Ne7 28. Be2 Nc8 29. Nhf1 g6 30. Qe3 Qxe3 31. Nxe3 Nb6 32. Bd1 Kg7 33. f3 Ng8 1/2-1/2

[Event "London Classic op"]
[Site "London"]
[Date "2017.12.02"]
[Round "1"]
[White "Campos Chacon, Marco"]
[Black "Hector, Jonny"]
[Result "0-1"]
[WhiteElo "2040"]
[BlackElo "2493"]
[PlyCount "42"]
[EventDate "2017.12.02"]
[EventType "swiss"]
[EventRounds "9"]
[EventCountry "ENG"]
[SourceTitle "CBM 182 Extra"]
[Source "ChessBase"]
[SourceDate "2018.02.23"]
[SourceVersion "1"]
[SourceVersionDate "2018.02.23"]
[SourceQuality "1"]

1. e4 e5 2. Nf3 Nc6 3. Bc4 Nf6 4. d4 exd4 5. 0-0 Nxe4 6. Re1 d5 7. Bxd5 Qxd5 8. Nc3 Qd7 9. Nxe4 Be7 10. Bg5 0-0 11. Bxe7 Qxe7 12. Nxd4 Bd7 13. Nb5 Rad8 14. Qh5 Ne5 15. Nxc7 Bc6 16. Ng5 h6 17. Nge6 Nf3+ 18. gxf3 fxe6 19. Nxe6 Rd5 20. Nxf8 Rg5+ 21. Kh1 Qxf8 0-1

[Event "Barcelona Sants op 16th"]
[Site "Barcelona"]
[Date "2014.08.22"]
[Round "1"]
[White "Chalmeta Ugas, Ramon"]
[Black "Campos Chacon, Marco"]
[Result "1-0"]
[WhiteElo "2292"]
[BlackElo "1899"]
[PlyCount "85"]
[EventDate "2014.08.22"]
[EventType "swiss"]
[EventRounds "10"]
[EventCountry "ESP"]
[SourceTitle "CBM 162 Extra"]
[Source "ChessBase"]
[SourceDate "2014.10.17"]
[SourceVersion "1"]
[SourceVersionDate "2014.10.17"]
[SourceQuality "1"]

1. e4 e5 2. Nf3 Nc6 3. d4 exd4 4. Nxd4 Bb4+ 5. c3 Bc5 6. Be3 Bb6 7. Bc4 Nge7 8. 0-0 0-0 9. Qh5 Nxd4 10. cxd4 d5 11. exd5 Nf5 12. Nc3 Nd6 13. Bd3 f5 14. Bg5 Qe8 15. Qh4 h6 16. Bd2 Qd8 17. Qxd8 Rxd8 18. Be3 Bd7 19. Rad1 g5 20. f4 Re8 21. Bf2 Kg7 22. Bc2 Nc4 23. b3 Ne3 24. Bxe3 Rxe3 25. Na4 Ba5 26. fxg5 Bb5 27. gxh6+ Kxh6 28. Rxf5 Rae8 29. d6 Re1+ 30. Kf2 R1e2+ 31. Kf3 Rxc2 32. Rxb5 Rce2 33. Rxa5 R8e3+ 34. Kf4 cxd6 35. Rd5 Re6 36. Rd3 Rf6+ 37. Rf5 Rfe6 38. Rh3+ Kg6 39. Rg3+ Kh6 40. Nc3 Re1 41. Rf8 Rf1+ 42. Rf3 Rfe1 43. Kg3 1-0